00510 2200181 4500001002100000005001500021035002000036007000300056008004100059020002200100082001000122084001600132100002100148245005100169260003500220300004400255700002900299INLIS00000000000048920210108092855 a0010-0121000028ta210108 0 ind  a978-979-662-738-7 a305.8 a305.8 FIT h0 aFitria Wijayanti1 aHarmoni dalam Keragaman /c•Fitria Wijayanti aKlaten :bCempaka Putih,c2018 aviii + 72 hlm :bilus. ;c17.6 x 25 cm.0 aSri Muhammad Kusumantoro